000 00302nam a22001337a 4500
008 170831b xxu||||| |||| 00| 0 eng d
020 _a2900761991440
041 _aeng
080 _a070
100 _a40
101 _aMED
245 _aESSENTIAL ETHNOGRAPHIC METHODS
_cSCHENSUL,S.L
942 _2udc
_cBK
999 _c25707
_d25707